000 00364nam a2200169Ia 4500
008 230605s9999 xx 000 0 und d
041 _aeng
100 _aLilicrap
245 _aFood and beverage service(LIL)
250 _a7th
260 _bHodder Arnold
300 _a493
365 _b474
_h15
500 _a1733
520 _aGeneral
650 _aF. B.
999 _c418569
_d418569